| 000 | 00528nam a2200169Ia 4500 | ||
|---|---|---|---|
| 003 | GCL | ||
| 008 | 140319s9999 xx 000 0 ara d | ||
| 040 |
_aGCL / _cGCL |
||
| 082 | 0 | 4 |
_a181 _bم ف |
| 100 | 1 | _aمحمود امين العالم | |
| 245 | 1 | 0 |
_aالفلسفة والعصر / _cمحمود امين العالم |
| 260 |
_aالقاهرة : _bالمجلس الاعلى للثقافة ، _c1999 |
||
| 300 |
_a293 ص ؛ _c27 سم |
||
| 650 | 0 | 4 | _aالفلسفة |
| 650 | 0 | 4 | _aالفلسفة الحديثة |
| 942 |
_2ddc _cBK |
||
| 999 |
_c572 _d572 |
||